000 00320nam a22001337a 4500
008 170609b xxu||||| |||| 00| 0 eng d
020 _a0123006503
041 _aeng
080 _a32
100 _a19
101 _aSHP
245 _aMIGRATION AND ECONOMIC GROWTH IN THE UNITED STATES
_cGREENWOOD, M.J
942 _2udc
_cBK
999 _c16715
_d16715